000 00287nam a22001217a 4500
008 170210b xxu||||| |||| 00| 0 eng d
041 _aeng
080 _a61
100 _a4
101 _aSHM
245 _aHYPOTHALAMIC CONTROL OF THE ANTERIOR PITUITARY
_cSZENTAGOTHAI, J
942 _2udc
_cBK
999 _c5064
_d5064